| 000 | 01285nam a2200229Ia 4500 | ||
|---|---|---|---|
| 003 | Ost | ||
| 005 | 20260507075027.0 | ||
| 008 | 260507s9999||||xx |||||||||||||| ||und|| | ||
| 020 | _a1675723977 | ||
| 040 | _cfsecg | ||
| 041 | _aara | ||
| 082 | _a330 | ||
| 100 |
_aطعيمة، ثناء محمد _eمؤلف |
||
| 245 | 0 |
_aمحاسبة شركات التأمين : _bالإطار النظري والتطبيقي العملي وفقا لأحدث المعايير المحاسبية لشركات التأمين وإعادة التأمين / _c ثناء محمد طعيمة |
|
| 260 |
_aالقاهرة: _bايتراك للنشر والتوزيع, _c2002 |
||
| 300 |
_a347 صفحة؛ _bإيضاحات ؛ _c25 سم |
||
| 520 | _aالإطار الفكري للمحاسبة في شركات التأمين- المحاسبة عن إيرادات ومصروفات شركات التأمين وإعادة التأمين- القوائم المالية لشركات التأمين وإعادة التأمين قواعد وأسس التقويم- تحليل القوائم المالية الاساسية لتقييم الأداء في الشركات التأمين | ||
| 653 | _aالمحاسبة | ||
| 653 | _aتقييم الأداء | ||
| 653 | _aشركات التأمين | ||
| 942 | _cكتاب | ||
| 999 |
_c42343 _d42343 |
||